| 000 | 00414 a2200145 4500 | ||
|---|---|---|---|
| 001 | 73910 | ||
| 082 | _a629.134 RAY | ||
| 090 |
_c39008 _d39008 |
||
| 100 | _aRaymer, Daniel P. | ||
| 245 |
_aAircraft design ; a conceptual approach, 4th Ed _cDaniel P. Raymer |
||
| 250 | _a4 | ||
| 260 |
_aVirginia _bAIAA Education Series, Virginia _c2006 |
||
| 300 |
_axix, 838 p. _bphotocopy |
||
| 500 | _aBE textbook Aerospace | ||
| 942 |
_aNUST-CAE _k629.134 RAY |
||
| 999 |
_c308983 _d308983 |
||